Sweden

Na minha lista:
Detalhes bibliográficos
Formato: Livro
Idioma:inglês
Publicado em: Paris OECD 2013
Colecção:Mental health and work
Assuntos:
Tags: Adicionar Tag
Sem tags, seja o primeiro a adicionar uma tag!

MARC

LEADER 00000nam a2200000 4500
001 0181439
005 20240315121320.7
020 |a 978-92-64-18870-9 
041 0 |a eng 
044 |a FR 
245 1 0 |a Sweden 
264 1 |a Paris  |b OECD  |c 2013 
300 |a 130 s. 
490 1 |a Mental health and work 
830 0 |a Mental health and work 
610 2 0 |a zamestnanie 
610 2 0 |a podmienky pracovné 
610 2 0 |a prostredie pracovné 
610 2 0 |a starostlivosť o zdravie 
610 2 0 |a zdravie 
610 2 0 |a politika vzdelávania 
610 2 0 |a benefity 
610 2 0 |a chorobnosť 
610 2 0 |a choroby duševné 
610 2 0 |a osoby zdravotne postihnuté 
610 2 0 |a Švédsko